Gandhi's khadi: a history of contention and collection (Record no. 407530)

000 -LEADER
fixed length control field 00452cam a22001457a 4500
008 - FIXED-LENGTH DATA ELEMENTS--GENERAL INFORMATION
fixed length control field 180718b2008 xxu||||| |||| 00| 0 eng d
020 ## - INTERNATIONAL STANDARD BOOK NUMBER
International Standard Book Number 8125034641
082 ## - DEWEY DECIMAL CLASSIFICATION NUMBER
Classification number A99/G151 R14
100 ## - MAIN ENTRY--PERSONAL NAME
Personal name Ramagundam, Rahul
245 ## - TITLE STATEMENT
Title Gandhi's khadi: a history of contention and collection
Statement of responsibility, etc. by Rahul Ramagundam
260 ## - PUBLICATION, DISTRIBUTION, ETC.
Place of publication, distribution, etc. Hyderabad
Name of publisher, distributor, etc. Orient Longman
Date of publication, distribution, etc. 2008
300 ## - PHYSICAL DESCRIPTION
Extent 298p.
650 ## - SUBJECT ADDED ENTRY--TOPICAL TERM
Topical term or geographic name entry element India - History
650 ## - SUBJECT ADDED ENTRY--TOPICAL TERM
Topical term or geographic name entry element Gandhi, M.K.- Criticism and interpretation
Holdings
Withdrawn status Lost status Damaged status Not for loan Permanent Location Current Location Date acquired Full call number Barcode Date last seen Price effective from Koha item type
        Indian Institute of Public Administration Indian Institute of Public Administration 2008-05-27 A99/G151 R14 82469 2018-07-21 2018-07-21 Book

Powered by Koha